000 00542nam a2200205Ia 4500
005 20250508163542.0
008 008 250505s9999 xx 000 0 eng d
020 _a81-7315-078-8
037 _aTextual
040 _aFEDL
_beng
_cFEDL
041 _aeng
_2eng
084 _a305.23, JAG
_qFEDL
100 _aJagat Singh
245 0 _aSamasyagrast balak
260 _aDelhi, India
_bPrabhat Prakashan
_c1997
300 _a168p.
650 _aSocial Structure
942 _cTEXL
_h305.23, JAG
999 _c1384029
_d1384029